Central Library OPAC University of Rajshahi

Ballads and stories from Tun-huang : (Record no. 51704)

MARC details
000 -LEADER
fixed length control field 00742nam a2200229 a 4500
001 - CONTROL NUMBER
control field 51704
003 - CONTROL NUMBER IDENTIFIER
rucl marc code BD-RjUL
005 - DATE AND TIME OF LATEST TRANSACTION
control field 20211209075712.0
008 - FIXED-LENGTH DATA ELEMENTS--GENERAL INFORMATION
fixed length control field 160901s1960 enk b 001 0 eng
035 ## - SYSTEM CONTROL NUMBER
System control number (BD-RjUL) 51824
040 ## - CATALOGING SOURCE
Original cataloging agency DLC
Transcribing agency MdU-BC
Modifying agency OCoLC
-- Uk
-- DLC
-- BD-RjUL
Language of cataloging eng
041 1# - LANGUAGE CODE
Language code of text/sound track or separate title eng
Language code of original chi
082 ## - DEWEY DECIMAL CLASSIFICATION NUMBER
Classification number 895.1
Edition number 23
Author mark and year WAB 1960
100 1# - MAIN ENTRY--PERSONAL NAME
Personal name Waley, Arthur
9 (RLIN) 154574
245 10 - TITLE STATEMENT
Title Ballads and stories from Tun-huang :
Remainder of title an anthology /
Statement of responsibility, etc. Arthur Waley
260 ## - PUBLICATION, DISTRIBUTION, ETC. (IMPRINT)
Place of publication, distribution, etc. London :
Name of publisher, distributor, etc. G. Allen & Unwin,
Date of publication, distribution, etc. c1960
300 ## - PHYSICAL DESCRIPTION
Pagination 273 p. ;
Size 22 cm.
504 ## - BIBLIOGRAPHY, ETC. NOTE
Bibliography, etc "Notes and references": p. 252-266 and index.
650 #0 - SUBJECT ADDED ENTRY--TOPICAL TERM
Topical term or geographic name as entry element Chinese literature
General subdivision Translations into English.
9 (RLIN) 154575
651 #0 - SUBJECT ADDED ENTRY--GEOGRAPHIC NAME
Geographic name China
Form subdivision Literary collections.
9 (RLIN) 154576
942 ## - ADDED ENTRY ELEMENTS (KOHA)
Source of classification or shelving scheme Dewey Decimal Classification
Koha item type Books
Holdings
Lost status Source of classification or shelving scheme Damaged status Not for loan Collection code Permanent Location Current Location Shelving location Date acquired Source of acquisition Cost, normal purchase price Total Checkouts Full call number Date last seen Copy number Koha item type
  Dewey Decimal Classification     Non-fiction Central Library, University of Rajshahi Central Library, University of Rajshahi   03/06/1965 Orientalica 5.25   895.1 WAB 1960 01/09/2016 C-2 Books